000 00355nam a2200133 i 4500
001 bg
100 1 _aKOWALEWSKA, Z.
245 0 _aWybrane zagadnienia z rachunku całkowego w zadaniach zaprogramowanych /
_cZ. Kowalewska.
260 _aCzęstochowa,
_c1982.
040 _cBPK
041 _apol
942 _cKS
008 s pl f |000 0 pol
999 _c21241
_d21241
856 _uhttp://koha.tu.koszalin.pl/cgi-bin/koha/opac-detail.pl?biblionumber=21241
_yKatalog online BPK